00349nam a2200121Ia 4500008004100000082001500041100002300056245004100079260003800120300001000158630001800168650004100186211109s9999||||xx |||||||||||||| ||und|| a330bFAW-M aFaweett, Hon Henry 0aManual of Political Economy 17th Edn bMacmillan CompanyaNew Yorkc1988 a695p. xGeneral Stack aPoliticsPolitical SciencexEconomics